Statistics for Tramvajové zastávky v Ostravě

Click here to take the quiz!

General Stats

  • This quiz has been taken 71 times
  • The average score is 46 of 102

Answer Stats

č. tramvajeZastávka% Correct
1, 2, 8, 18Hlavní nádraží
90%
1, 2, 6, 8, 11, 14, 18Stodolní
88%
1, 2, 4, 6, 8, 10, 11, 12, 18Karolina
86%
2, 7Zábřeh, OC
86%
3, 6, 11Nádraží Vítkovice
84%
1, 2, 4, 6, 8, 10, 11, 12, 18Náměstí republiky
84%
3, X3, 4, 7, 8, 17, 19Svinov Mosty
82%
1, X3, 10, 12, 15, 17, 18, 19Dubina
80%
3, X3, 4, 7, 8, 11, 17, 18, 19Nová Ves, vodárna
78%
2, 3, 6, 7, 11, 15Zábřeh, vodárna
78%
1, 2, 6, 8, 11, 14, 18Elektra
76%
3, X3, 5, 7, 8, 17Poruba vozovna
76%
2, 6, 7, 15Výškovice
73%
3, X3, 4, 8, 11, 12, 18, 19Mariánské náměstí
69%
X3, 17, 18Dolní
65%
4, 10, 12, 14Hranečník
65%
3, X3, 4, 8, 11, 18, 19Hulváky
65%
3, X3, 7, 8, 17Telekom. škola
65%
3, 11Zábřeh
65%
1, 2, 6, 10Don Bosco
63%
4, 8, 11, 12, 18Krajský úřad
63%
1, 2, 8, 14, 18Muglinovská
63%
5, 7, 8, 17Poruba, Vřesinská
63%
4, 10, 12, 14Výstaviště
63%
1, 2, 6, 8, 11, 14, 18Důl Jindřich
61%
4, 19Martinov
61%
3, X3, 4, 7, 8, 17, 19Třebovická
61%
5, 7, 8, 17VŠB-TUO
61%
4, 8, 11, 12, 18Dům energetiky
59%
1, 2, 8, 14, 18Křižíkova
57%
2, 3, 12, 19Vítkovice, Mírové nám.
57%
8, 14Sad B. Němcové
55%
3, X3, 4, 7, 8, 17, 19Třebovice, OC
55%
1, 10, 12, 19Hrabůvka, Poliklinika
53%
2, 3, 7, 11, 12, 19SPORT ARENA
53%
1, X3, 10, 12, 15, 17, 18, 19Antonína Poledníka
51%
4Kunčičky, kostel
51%
3, X3, 4, 8, 11, 18, 19Daliborova
49%
5, 7, 8, 17Fakultní nemocnice
49%
1, 10, 12, 19Hrabůvka, kostel
49%
1, 2, 8, 18Náměstí S. Čecha
49%
1, 2Dolní Vítkovice Hlubina
47%
5, 7, 8, 17Hlavní třída
47%
2, 3, 6, 7, 11, 15Kino Luna
47%
X3, 15, 17, 18ÚMOb jih
47%
1, 10Dřevoprodej
45%
7, 11, 17, 18Ferona
45%
1, X3, 10, 12, 15, 17, 18, 19Josefa Kotase
45%
1, 2, 6, 10Dolní Vítkovice
43%
1, 6, 10Důl Jeremenko
43%
4, 12Důl Zárubek
43%
2, 3, 6, 7, 11, 15Kotva
43%
3, X3, 4, 8, 11, 18, 19Prostorná
43%
3, X3, 6, 11, 15, 17, 18Rodinná
43%
7, 11, 17, 18Střelnice
43%
4U Hradu
43%
6, 8, 11Mor. Ostrava, Plynárny
41%
2, 7Horymírová
39%
1, 6Kolonie Jeremenko
39%
8, 14Přívoz, Hlučínská
39%
X3, 15, 17, 18Náměstí Ostrava-Jih
37%
X3, 17, 18Tylova
37%
5Vřesina
37%
5Budišovice, Zátiší
35%
4, 19Čistírny
35%
2, 7Karpatská
35%
2, 6, 7, 15Nové Výškovice
35%
1, X3, 10, 12, 15, 17, 18, 19Václava Jiřikovského
35%
4, 19Dílny DP Ostrava
33%
4, 14Nová huť již. brána
33%
X3, 7, 11Palkovského
33%
5Poruba, koupaliště
33%
2, 3, X3, 12, 19Ředitel. Vítkovic
33%
2, 6, 7, 1529. dubna
31%
1, 6Český dům
31%
8, 14Důl Odra
31%
7, 11, 17, 18Hulvácká
31%
4, 19Bedřicha Nikodéma
29%
1Moravská
29%
3, 6, 11, 15Rodimcevova
29%
3, 11, 12, 19Městský stadion
27%
4, 14Nová huť hl. brána
27%
4, 14Vratimovská
27%
3, 6, 11, 15Kpt. Vajdy
24%
5Krásné Pole
24%
3, 11, 12, 19Most Čs. armády
24%
4Teplotechna
24%
3, X3, 12, 19Vagonka
24%
4, 19Sokolovská
22%
5Dolní Lhota
20%
5Dolní Lhota, osada
20%
5Horní Lhota
20%
12, 19Provaznická
20%
3, 11Svornosti
20%
12, 19Jubilejní kolonie
18%
4, 14Nová huť učiliště
18%
5Dolní Lhota, U Obory
14%
3, X3, 12, 19Pohraniční
14%
2, 3, 12, 19Stará ocelárna
14%
5Vřesina, Nová Plzeň
14%
4, 14Osada Míru
12%
5Vřesina, hřbitov
8%

Score Distribution

Percentile by Number Answered

Percent of People with Each Score

Your Score History

You have not taken this quiz